Dharma / (Record no. 1847966)

MARC details
000 -LEADER
fixed length control field 00766cam a2200289 a 4500
001 - CONTROL NUMBER
control field 16146550
003 - CONTROL NUMBER IDENTIFIER
control field OSt
005 - DATE AND TIME OF LATEST TRANSACTION
control field 20260402152309.0
008 - FIXED-LENGTH DATA ELEMENTS--GENERAL INFORMATION
fixed length control field 100312s2010 hiu b s001 0 eng c
010 ## - LIBRARY OF CONGRESS CONTROL NUMBER
LC control number 2010010614
020 ## - INTERNATIONAL STANDARD BOOK NUMBER
International Standard Book Number 9780824834661
Qualifying information hardcover : alk. paper
020 ## - INTERNATIONAL STANDARD BOOK NUMBER
International Standard Book Number 9780824834869
Qualifying information pbk. : alk. paper
035 ## - SYSTEM CONTROL NUMBER
System control number 16146550
035 ## - SYSTEM CONTROL NUMBER
System control number (HU)3162151
040 ## - CATALOGING SOURCE
Original cataloging agency HU/DLC
Transcribing agency DLC
042 ## - AUTHENTICATION CODE
Authentication code pcc
050 00 - LIBRARY OF CONGRESS CALL NUMBER
Classification number B132.D5
Item number H58 2010
082 00 - DEWEY DECIMAL CLASSIFICATION NUMBER
Classification number 294.3/4
Edition number 22
100 1# - MAIN ENTRY--PERSONAL NAME
Personal name Hiltebeitel, Alf.
9 (RLIN) 1232874
245 10 - TITLE STATEMENT
Title Dharma /
Statement of responsibility, etc. Alf Hiltebeitel.
260 ## - PUBLICATION, DISTRIBUTION, ETC.
Place of publication, distribution, etc. New Delhi :
Name of publisher, distributor, etc. Oxford University Press,
Date of publication, distribution, etc. 2011.
300 ## - PHYSICAL DESCRIPTION
Extent xii, 188 p. ;
Dimensions 22 cm.
650 #0 - SUBJECT ADDED ENTRY--TOPICAL TERM
Topical term or geographic name entry element Dharma.
9 (RLIN) 854728
651 ## - SUBJECT ADDED ENTRY--GEOGRAPHIC NAME
Geographic name India
942 ## - ADDED ENTRY ELEMENTS (KOHA)
Source of classification or shelving scheme Colon Classification (CC)
Koha item type Textual
Suppress in OPAC No
Holdings
Withdrawn status Lost status Source of classification or shelving scheme Damaged status Not for loan Home library Current library Date acquired Total Checkouts Date last seen Price effective from Koha item type
    Colon Classification (CC)     Department of History Library Department of History Library 2026-04-02   2026-04-02 2026-04-02 Textual
Copyright @ Delhi University Library System